[Event "16th Delhi GM Open 2018"]
[Site "Delhi"]
[Date "2018.01.15"]
[Round "9"]
[White "Dzhumaev, Marat"]
[Black "Vaibhav, Suri"]
[Result "1/2-1/2"]
[WhiteElo "2434"]
[BlackElo "2542"]
[Annotator "TA"]
[PlyCount "183"]
[EventDate "2018.??.??"]
[EventType "swiss"]
[EventCountry "IND"]
[SourceTitle "playchess.com"]
[Source "ChessBase"]
[SourceQuality "1"]

{[%evp 16,183,-6,-1,2,0,0,0,20,10,28,23,48,-9,-24,-75,-60,-75,-74,-72,-47,-60,-45,-34,-38,-66,-60,-69,-37,-64,-21,-29,-11,-11,-9,-23,-9,-16,0,0,0,0,0,0,-8,-16,120,153,158,170,238,227,227,90,82,57,360,355,352,360,348,335,409,416,416,404,413,393,365,105,97,43,45,23,99,89,93,97,104,53,222,219,222,222,387,143,134,66,186,177,173,170,201,44,45,45,41,41,41,45,46,46,46,44,43,12,10,10,10,0,0,0,0,0,0,-4,-4,-29,-24,-31,-29,-45,-19,-13,-13,-20,-18,-41,-13,-41,-49,-49,-41,-40,-12,-74,-53,-60,-52,-79,-8,-43,-33,-33,-33,-33,-20,-33,-33,-33,-8,-8,0,-33,0,-33,-33,-33,-33,-57,0,-21,-8,-8,7,7,7,0,4,0]} 1. e4 e5 2. Nf3 Nc6 3. d4 exd4 4. Nxd4 Bc5 5. Nb3 Bb6 6. Nc3 Nf6 7. Bg5 h6 8. Bh4 O-O {C45: Scotch Game} (8... d6 9. f3 g5 10. Bg3 Qe7 11. Qd2 Bd7 12. h4 Rg8 13. O-O-O O-O-O 14. hxg5 hxg5 15. Rh6 Be6 16. Bb5 Bxb3 17. axb3 {1-0 (41) Navara,D (2726)-Malakhov,V (2691) Antalya 2017}) 9. Bd3 {LiveBook: 4 Games} Ne5 10. O-O $146 ({Predecessor:} 10. Nd5 g5 11. Nxb6 axb6 12. Bg3 Nxd3+ 13. cxd3 d5 14. h4 dxe4 15. hxg5 {0-1 (29) Darini,P (2488)-Asgarizadeh,A (2412) Sari 2017}) 10... c6 11. Kh1 d6 12. f4 Ng6 $1 {[%cal Rg6h4]} 13. Bg3 Re8 14. Qd2 (14. h3 $14) 14... Nh5 $11 15. Rae1 (15. Ne2 $11) 15... Nxg3+ $17 16. hxg3 a5 17. a4 Bg4 18. Nd1 Nf8 19. c3 Qf6 20. Nf2 Be6 21. Qd1 Rad8 (21... Bxf2 $5 22. Rxf2 Qg6 $15) 22. Nd2 {[%cal Bb3d2,Bd2c4,Bc4e3,Be3f5][%mdl 32]} Bc8 23. Qf3 Nd7 24. Nc4 {next e5! is good for White.} Bc7 25. Bc2 Nc5 26. Ne3 Bb6 27. Qh5 Qg6 28. Qh4 Qf6 29. Qh2 Qe7 30. Qh5 Nd7 (30... Qf8 $11) 31. Nf5 $16 Qe6 32. Ng4 g6 (32... Qg6 $142 33. Qxg6 fxg6 34. Nxd6 Nc5) 33. Ngxh6+ Kf8 34. Qg5 $40 {[%mdl 128] White goes for the king.} (34. Qh2 $18 {and White stays clearly on top. Threatens to win with Ng4.} gxf5 35. Nxf5) 34... Qf6 {Hoping for ...Qxg5.} 35. Nh4 Kg7 $2 {[%mdl 8192] [#]} (35... Qxg5 $1 $14 36. fxg5 Ne5) 36. e5 $1 $18 {[%cal Re5f6][%mdl 512]} dxe5 {[#]} 37. Nxf7 $1 {[%mdl 512]} Qxg5 (37... Qxf7 38. fxe5) 38. fxg5 (38. Nxg5 Nf8 $18) 38... Nf8 {intending ...Rd2.} 39. Nxd8 Bxd8 40. Bb3 Bxg5 41. Rf7+ Kh6 42. Ref1 $2 (42. Bc2 $18) 42... Nd7 $16 43. Bc2 (43. Nf3 $16) 43... e4 $14 44. Re1 Nc5 (44... Nf6 $1 $11 {keeps the balance.}) 45. Nf3 $16 {Black must now prevent b4.} Bd8 46. Nd4 Bg5 47. Kg1 (47. Kh2 $16) 47... Bg4 $2 {[#]} ({Black should play} 47... Bd2 $1 $14 48. Re2 Bc1) 48. Nf3 $1 $18 {[%mdl 512]} Bd8 (48... exf3 49. Rxe8) 49. Kf2 Bb6 $2 (49... Bh5 {is a better defense.} 50. g4 Bxg4) 50. Nd4 $2 (50. Rh1+ $18 {is the precise move to win.} Bh5 51. Nd4) 50... Kg5 $16 51. Rf4 (51. Ke3 $16) 51... Bc7 {[#]} (51... Bf5 $14) 52. Nf3+ $1 $18 ({Worse is} 52. Bxe4 Bxf4 53. gxf4+ Kxf4 $11) 52... Bxf3 53. Rxf3 Rd8 {[#]} 54. Rfe3 $2 ({Resist} 54. Bxe4 $6 Rd2+ 55. Kg1 Rxb2 $16) (54. Rf7 $1 $18 {[%cal Rf7c7]} Bb8 55. Re2 (55. Bxe4 Re8 $18)) 54... Bb6 $1 $14 55. Ke2 Re8 56. Rf1 Nd3 $1 57. Rxe4 Rxe4+ 58. Kxd3 {[%mdl 4096] Endgame KRB-KRB} Re3+ 59. Kc4 {Rf7 is the strong threat.} Rxg3 60. Be4 Re3 61. Bf3 Re7 62. Rd1 Kf4 63. Rd6 Kf5 64. b4 g5 65. bxa5 Bxa5 66. Rd4 Re3 {[%csl Ga5][%cal Re3c3]} 67. Kc5 Rxc3+ 68. Kd6 Bb6 69. Bg4+ Kf6 70. Rd1 Be3 {aiming for ...Bf4+.} 71. a5 Bf4+ 72. Kd7 Rg3 73. Bf3 g4 74. Be4 $1 Ra3 75. Rb1 (75. Kc8 $11) 75... Rxa5 76. Rxb7 c5 77. Rb6+ Kg5 (77... Ke5 $17 78. Re6+ Kd4) 78. Bd5 Be3 {Strongly threatening ...c4!} 79. Re6 Bd4 80. Re4 Kf5 81. Kc6 Ra4 82. Re8 Kf4 83. Re4+ Kf5 84. Re8 Bg1 85. Rf8+ Ke5 86. Re8+ Kf4 87. Rf8+ Ke3 (87... Kg3 $15) 88. Be6 {The position is equal.} Kd2 89. Rg8 c4 {And now ...c3 would win.} 90. Kb5 Ra3 91. Bxc4 g3 92. Bd5 {Precision: White = 51%, Black = 48%.} 1/2-1/2

[Event "16th Delhi GM Open 2018"]
[Site "Delhi"]
[Date "2018.01.15"]
[Round "9"]
[White "Nitin, S.."]
[Black "David, Alberto"]
[Result "0-1"]
[WhiteElo "2422"]
[BlackElo "2553"]
[Annotator "TA"]
[PlyCount "104"]
[EventDate "2018.??.??"]
[EventType "swiss"]
[EventCountry "IND"]
[SourceTitle "playchess.com"]
[Source "ChessBase"]
[SourceQuality "1"]

{[%evp 31,104,-9,-8,-10,-10,-13,-10,-25,0,0,1,2,0,0,0,0,0,0,0,0,0,0,0,0,8,-27,0,0,0,0,0,-258,-265,-394,-375,-398,-341,-543,-181,-180,-182,-172,-167,-169,-174,-170,-167,-166,-172,-172,-177,-174,-143,-143,-125,-154,-127,-226,-217,-259,-258,-322,-319,-300,-304,-794,-788,-762,-774,-758,-710,-725,-674,-575,-580]} 1. e4 e6 2. d4 d5 3. Nc3 Nf6 4. Bg5 Bb4 5. e5 h6 6. Bd2 Bxc3 7. bxc3 Ne4 8. Qg4 Kf8 9. Bd3 Nxd2 10. Kxd2 c5 11. h4 Nc6 12. Qf4 {C12: French: Classical System: McCutcheon Variation} c4 13. Be2 b5 14. a3 Bd7 15. Nf3 a5 16. Rhb1 Rb8 {LiveBook: 6 Games} 17. g4 Qe7 18. h5 Ke8 19. Qe3 {[#]} Rf8 $146 20. Rg1 b4 21. axb4 axb4 22. Rgb1 bxc3+ 23. Qxc3 {[#] Rxb8+ is the strong threat.} Rxb1 24. Rxb1 f5 25. exf6 $1 Qxf6 26. Qe3 Qf4 27. Rb7 Kd8 28. Rb1 Kc7 29. Ra1 Qd6 30. Ke1 Rf4 31. Nd2 $2 {[%mdl 8192]} (31. Kf1 $11 {and White stays safe.}) 31... Nxd4 $19 32. Qc3 (32. Kd1 $142 Nb5 33. Ke1) 32... Qb6 {White must now prevent ...Nxc2+!} 33. Rb1 Qc5 34. Nf1 {[#]} (34. Kf1 $142 Kd6 35. Qe3) 34... Nc6 $2 (34... Nxc2+ $1 {[%mdl 512]} 35. Kd1 (35. Qxc2 Qxf2+) 35... Nd4) 35. Ne3 Qa5 36. Qxa5+ Nxa5 37. Ra1 Nc6 38. Ra8 Bc8 39. c3 Kb7 40. Ra1 Rf8 41. f3 Kc7 42. Kf2 Bd7 43. g5 Be8 44. Rg1 (44. g6 $17) 44... Kd6 45. Rg3 Ne5 46. Ng4 Nxg4+ ({Much less strong is} 46... Bxh5 47. Nxe5 Kxe5 48. gxh6 $19) 47. Rxg4 {[%mdl 4096] Endgame KRB-KRB} Rf5 ({Don't play} 47... Bxh5 48. Rh4 $19) 48. f4 $2 (48. gxh6 gxh6 49. Rg8 Bxh5 50. Rh8) 48... Bxh5 {Black is clearly winning.} 49. gxh6 gxh6 50. Rh4 Bxe2 51. Kxe2 h5 52. Ke3 e5 {Precision: White = 54%, Black = 78%.} 0-1

[Event "16th Delhi GM Open 2018"]
[Site "Delhi"]
[Date "2018.01.15"]
[Round "9"]
[White "Akash Pc, Iyer"]
[Black "Naiditsch, Arkadij"]
[Result "1/2-1/2"]
[WhiteElo "2415"]
[BlackElo "2701"]
[Annotator "TA"]
[PlyCount "26"]
[EventDate "2018.??.??"]
[EventType "swiss"]
[EventCountry "IND"]
[SourceTitle "playchess.com"]
[Source "ChessBase"]
[SourceQuality "1"]

{[%evp 22,26,13,0,40,0,25]} 1. d4 Nf6 2. c4 e6 3. Nc3 d5 4. cxd5 exd5 5. Bg5 c6 6. Qc2 Be7 7. e3 Nbd7 {[%cal Bb8d7,Bd7f8,Bf8e6][%mdl 32]} 8. Bd3 Nf8 9. Nge2 Ne6 10. Bh4 g6 11. f3 O-O 12. Bf2 {LiveBook: 4 Games. D36: Queen's Gambit Declined: Exchange Variation: Main line (5 Bg5 c6 6 Qc2)} (12. O-O b6 13. Rad1 Bb7 14. Qc1 Rc8 15. a3 a5 16. Qb1 Nh5 17. Bf2 Bd6 18. e4 Nhf4 19. Nxf4 Nxf4 20. Bg3 Ne6 21. e5 {0-1 (80) Korobov,A (2668)-Yilmaz,M (2640) Kocaeli 2017}) 12... c5 13. Qd2 cxd4 $146 ({Predecessor:} 13... a6 14. dxc5 Bxc5 15. Bc2 b5 16. Rd1 Bb7 17. Bb3 Qb6 18. O-O Rfe8 19. a3 Rad8 {0-1 (41) Zwardon,V (2446)-Lechtynsky,J (2358) Ostrava 2016}) 1/2-1/2

[Event "16th Delhi GM Open 2018"]
[Site "Delhi"]
[Date "2018.01.15"]
[Round "9"]
[White "Mohammad Nubairshah Shaikh"]
[Black "Karthikeyan Pandiyan"]
[Result "1-0"]
[WhiteElo "2380"]
[BlackElo "1422"]
[Annotator "TA"]
[PlyCount "95"]
[EventDate "2018.??.??"]
[EventType "swiss"]
[EventCountry "IND"]
[SourceTitle "playchess.com"]
[Source "ChessBase"]
[SourceQuality "1"]

{[%evp 9,95,-1,-3,-7,-10,-8,19,-9,-1,9,24,21,31,7,13,0,0,0,-1,-63,-49,-47,-12,-56,-49,-79,-79,-62,-72,-82,-94,-87,-45,-54,-54,-32,-49,-25,-44,-34,-29,-38,-29,-28,188,208,204,207,216,223,205,198,218,98,213,220,375,368,366,369,350,279,493,491,472,468,531,531,531,529,519,510,494,474,524,518,640,671,723,661,780,766,738,730,726,698,702,637]} 1. d4 Nf6 2. c4 e6 3. Nc3 Bb4 4. e3 O-O 5. Nge2 c6 6. a3 {E46: Nimzo-Indian: Rubinstein: 4 e3 0-0 5 Ne2 without early Bd3} Ba5 {[%cal Bb4a5,Ba5c7,Bc7e5,Be5d6][%mdl 32]} 7. b4 Bc7 8. d5 {The position is equal.} Qe7 9. g3 Be5 $146 ({Predecessor:} 9... a5 10. b5 cxd5 11. cxd5 e5 12. Bg2 d6 13. O-O {½-½ (91) Volkov,S (2611)-Papin,V (2476) Cheboksary 2016}) 10. Bg2 a5 11. Rb1 axb4 12. axb4 exd5 13. cxd5 Na6 $36 {[%mdl 2048] Black fights for an advantage.} 14. f4 ({White should try} 14. b5 $11 Nb4 15. O-O) 14... Bd6 $15 15. b5 cxb5 16. Nd4 Bb4 17. Ndxb5 {[#]} d6 $1 18. O-O Bf5 {aiming for ...Bxc3.} 19. Rxb4 Nxb4 {[#]} 20. e4 $1 {[%mdl 512]} Bd7 ({Not} 20... Bxe4 21. Nxe4 Nxe4 22. Qd4 $16) 21. Ba3 Bxb5 22. Nxb5 Qd7 23. Qe2 Ra5 24. Bxb4 Rxb5 25. Bxd6 Ra8 26. Be5 {next Bh3 is good for White.} Ne8 $2 {[#]} (26... Rba5 $11 {and Black is okay.}) 27. Bh3 $1 $18 {[%cal Rh3d7][%mdl 512]} Qxh3 28. Qxb5 h5 29. Ra1 Rc8 {( -> ...Rc2)} 30. Qf1 Qg4 31. Rc1 (31. Qd1 $18 {has better winning chances.}) 31... Ra8 (31... Rxc1 $16 32. Qxc1 h4) 32. Qd1 Qh3 $2 (32... Rc8 33. Rb1 f6) 33. f5 h4 34. d6 {Strongly threatening d7.} hxg3 35. Bxg3 {Black must now prevent d7.} ({Resist} 35. hxg3 Ra3 $18) 35... Nf6 $2 (35... Ra3 {was called for.} 36. Rc8 Rxg3+ 37. hxg3 Qxg3+ 38. Kf1 Qh3+ 39. Kf2 Qh2+ 40. Ke3 Qh6+ 41. Kd3 Qxd6+ 42. Kc2 Qxd1+ 43. Kxd1 Kf8) 36. d7 {White is clearly winning.} Nxd7 37. Qxd7 Ra2 {[%csl Ga2][%cal Rh3g2]} 38. Qd8+ Kh7 {[%csl Ga2][%cal Rh3g2]} 39. Qh4+ Qxh4 40. Bxh4 {[%mdl 4096] Endgame KRB-KR} Ra4 41. Re1 b5 42. Kf2 f6 43. Ke3 Ra3+ 44. Kd4 Rb3 45. Bg3 Kh6 46. Bf4+ Kh7 47. Rg1 Rb4+ 48. Kd5 {Precision: White = 68%, Black = 51%.} 1-0

[Event "16th Delhi GM Open 2018"]
[Site "Delhi"]
[Date "2018.01.15"]
[Round "9"]
[White "Rathnakaran, K.."]
[Black "Rozum, Ivan"]
[Result "1/2-1/2"]
[WhiteElo "2372"]
[BlackElo "2595"]
[Annotator "TA"]
[PlyCount "197"]
[EventDate "2018.??.??"]
[EventType "swiss"]
[EventCountry "IND"]
[SourceTitle "playchess.com"]
[Source "ChessBase"]
[SourceQuality "1"]

{[%evp 15,197,14,21,0,2,-14,0,-5,-6,-19,-16,-35,-22,-60,-52,-53,-50,-56,-52,-60,-52,-56,-58,-58,-43,-56,-43,-46,-50,-46,-41,-38,-52,-43,11,-25,14,16,0,-110,-116,-122,-108,-111,-118,-118,-113,-174,-171,-147,-158,-152,-160,-158,-87,-191,-196,-191,-187,-200,-156,-161,393,-161,-157,-160,-152,-162,-153,-164,-164,-152,-156,-154,-154,-166,-179,-247,-245,-253,-252,-252,-258,-326,-310,-388,-354,-522,-518,-490,-407,-398,-387,-554,-564,-549,-536,-1262,-1051,-1198,-1148,-2098,-2137,-2006,-1964,-1981,-1584,-1608,-1257,-1261,-1257,-1050,-1025,-5916,-1812,-1472,-512,-498,-15,-15,-15,-15,-15,-15,-15,-15,-15,-15,-15,-117,-117,-117,-117,-117,-117,-117,-117,-117,-117,-117,-117,-117,-117,-117,-117,-117,-117,-117,-117,-117,-117,-117,-117,-117,-117,-117,-15,-15,-15,-15,-15,-15,0,0,0,-15,-15,-15,-15,-15,-15,-15,-15,-15,0,-15,-15,-15,-15,-15,-15,-15,0,0]} 1. e4 c6 2. Nc3 d5 3. Nf3 dxe4 4. Nxe4 Nf6 5. Nxf6+ exf6 6. d4 Bd6 7. Bd3 O-O 8. O-O Re8 {LiveBook: 8 Games} 9. Nh4 {B15: Caro-Kann: 3 Nc3: 3...g6 and 3...dxe4 4 Nxe4 Nf6 5 Nxf6+ exf6} g6 10. Bh6 Na6 $146 ({Predecessor:} 10... c5 11. dxc5 Bxc5 12. Re1 Be6 13. Be3 Bxe3 14. Rxe3 Nc6 15. Be4 Ne5 16. Qxd8 Raxd8 {½-½ (59) Antipov,M (2580)-Yu,Y (2738) Caleta 2017}) 11. c3 Nc7 12. Qd2 Be6 13. f4 f5 14. Rf3 Qxh4 15. Bg5 {[#]} Bxf4 $1 16. Bxf4 {And now Bg5 would win.} (16. Qxf4 Qxf4) 16... Qd8 17. Raf1 Nd5 18. Bh6 b5 19. b3 {[%cal Bb2b3,Bb3c4,Bc4c5][%mdl 32]} Rb8 20. Rg3 Qd7 21. c4 bxc4 22. bxc4 Nb6 23. d5 $1 cxd5 24. c5 $1 {[%cal Rc5b6]} Na4 (24... Nc4 $15 25. Bxc4 dxc4) 25. Qf4 f6 26. Qd4 Kf7 27. Bc2 {[#]} (27. Rh3 $11 a5 28. Bg5) 27... Nxc5 $1 $17 {[%mdl 512]} 28. Qxc5 Rec8 $1 $36 {[%cal Rc8c5][%mdl 2048] Black is in control.} 29. Qf2 Rb2 $1 {[%csl LRa2,LRc2]} 30. Rc1 Qc7 $1 {[%cal Rb2c2]} 31. Bf4 (31. Rb3 $17 Rxc2 32. Rxc2 Qxc2 33. Qxa7+ Rc7 34. Rb7 Qb1+ 35. Rxb1 Rxa7 36. Be3 Rxa2 37. Rb7+ Ke8 38. Bd4) 31... Rxc2 $19 32. Rxc2 Qxc2 33. Qxa7+ Kg8 34. h4 Qe4 (34... Bf7 $142 35. Kh2 Qe4) 35. Bh6 (35. Bd2 $17 {was necessary.}) 35... Bf7 36. Qa6 Qd4+ 37. Be3 Rc1+ 38. Kh2 Qxh4+ 39. Rh3 Qc4 40. Qxf6 {Qd8+ would kill now.} Qc7+ 41. Rg3 {Intending Bh6 and mate.} Rc6 42. Bf4 Rxf6 43. Bxc7 {[%mdl 4096] Endgame KRB-KRB} Ra6 44. a3 h6 45. Rb3 g5 46. Be5 (46. g3 {keeps fighting.}) 46... f4 47. Bd4 Kh7 48. g3 fxg3+ 49. Kxg3 Kg6 50. Rf3 h5 {[%cal Bh6h5,Bh5h4][%mdl 32]} 51. Bb2 (51. Kh2 $142) 51... h4+ 52. Kf2 Be8 53. Rf8 Bf7 54. Rb8 (54. Rh8 $142) 54... g4 55. Rh8 Rc6 56. Ke3 Kg5 57. Rf8 Re6+ 58. Kd2 Bg6 59. Bd4 g3 60. Be3+ Kg4 61. Rf4+ Kh3 62. a4 Rc6 63. a5 Rc2+ 64. Ke1 Ra2 (64... Bh5 $142 65. Kf1 Re2) 65. Bb6 g2 (65... Bh5 $142 {Hoping for ...g2.} 66. Rd4 Bf3) 66. Bf2 {[%csl Gf2][%cal Rf4h4] [#]} Ra1+ $2 ({Better is} 66... g1=R+ $1 $19 67. Bxg1 Ra1+ 68. Kf2 Rxa5) 67. Kd2 $11 {[%csl Gf2][%cal Rf4h4]} g1=Q 68. Rxh4+ Kg2 69. Bxg1 Rxg1 {KRB-KR} 70. a6 Kf3 71. Rh3+ Kf4 72. Ra3 (72. Rh4+ $1 $11 {was the only way to keep the balance.} Ke5 73. Ra4 Rg2+ 74. Ke1) 72... Rg2+ $17 73. Ke1 d4 74. a7 Be4 {aiming for ...Ba8.} 75. a8=Q Bxa8 76. Rxa8 {[#] KR-KR} Ke3 $1 {[%cal Rg2g1]} 77. Re8+ {[#]} Kd3 $1 78. Rh8 Rg1+ 79. Kf2 Rd1 80. Ra8 Rc1 81. Rd8 Rc7 82. Ke1 Rb7 83. Rd6 Rh7 84. Ra6 Rh1+ 85. Kf2 Kc2 (85... Rb1 $17 {Strongly threatening ...Kc2.} 86. Rd6 Rb8) 86. Ra2+ $1 $11 {The position is equal.} Kb3 87. Ra8 Kc3 88. Ra3+ Kc2 {...d3 is the strong threat.} 89. Ra2+ Kd3 {( -> ...Rh2+)} 90. Ra3+ Ke4 ({Don't play} 90... Kc2 91. Ra2+ $17) 91. Rg3 Kd5 92. Ke2 Kc4 93. Kd2 Rh4 94. Rf3 Rh1 95. Rg3 Ra1 96. Rh3 Ra2+ 97. Kd1 Rg2 98. Rf3 d3 {White must now prevent ...Kc3.} 99. Rf8 {Precision: White = 55%, Black = 72%.} 1/2-1/2

[Event "16th Delhi GM Open 2018"]
[Site "Delhi"]
[Date "2018.01.15"]
[Round "9"]
[White "Sammed Jaykumar, Shete"]
[Black "Horvath, Adam"]
[Result "0-1"]
[WhiteElo "2337"]
[BlackElo "2484"]
[Annotator "TA"]
[PlyCount "106"]
[EventDate "2018.??.??"]
[EventType "swiss"]
[EventCountry "IND"]
[SourceTitle "playchess.com"]
[Source "ChessBase"]
[SourceQuality "1"]

{[%evp 19,106,-5,2,-11,42,3,33,32,29,29,29,30,27,24,22,24,29,31,30,18,29,25,32,22,25,30,30,17,19,2,13,15,16,20,29,0,0,-29,0,0,0,-140,-140,-138,-138,-138,-137,-131,-134,-134,-88,-182,-183,-298,-325,-310,-311,-477,-477,-477,-472,-458,-459,-460,-465,-584,-567,-1001,-988,-944,-932,-1146,-1445,-1375,-1458,-1238,-1202,-1528,-1521,-5018,-2942,-29978,-29979,-29976,-29977,-29971,-29972,-29984,-29980]} 1. e4 c5 2. c3 Nf6 3. e5 Nd5 4. Nf3 Nc6 5. Bc4 {[%cal Bf1c4,Bc4b3,Bb3c2][%mdl 32]} Nb6 6. Bb3 c4 7. Bc2 d6 8. exd6 Qxd6 9. Na3 {B22: Sicilian: 2 c3} (9. O-O Bg4 10. h3 Bh5 11. Re1 e6 12. b3 Be7 13. Qe2 cxb3 14. axb3 O-O 15. d4 Rfd8 16. Bxh7+ Kxh7 17. Ng5+ Bxg5 18. Qxh5+ {½-½ (44) Nakamura,H (2787)-Vachier Lagrave,M (2785) Gibraltar 2016}) 9... Qe6+ 10. Qe2 Qxe2+ {LiveBook: 3 Games} 11. Kxe2 {The position is equal.} Bg4 ({Black should play} 11... e5 $11) 12. h3 $146 ({Find the theoretical novelty and annotate with similar games:} 12. b3 cxb3 13. axb3 Rc8 14. h3 {½-½ (14) Sveshnikov,E (2580)-Yudasin,L (2630) Kemerovo 1995}) 12... Bxf3+ 13. Kxf3 e6 14. b3 Bxa3 15. Bxa3 O-O-O 16. Ke2 Rd5 17. Rhd1 Rhd8 18. d3 cxd3+ 19. Bxd3 f5 20. Bb2 a5 21. Bc2 g6 22. g3 Kc7 23. Rxd5 Nxd5 24. Bd3 a4 25. Rc1 axb3 26. axb3 Na5 27. b4 Nc6 28. f4 Nb6 29. Ra1 e5 {[%cal Be6e5,Be5e4][%mdl 32]} 30. b5 (30. h4 $11 {keeps the balance.}) 30... e4 $17 31. Bc2 Nc4 32. Bc1 {[#]} N6a5 $1 33. Ra4 Kb6 34. Rb4 Kc5 35. b6 (35. g4 $17) 35... Rd6 $19 36. Ba4 (36. Kf2 $142) 36... Rd3 ({Not} 36... Rxb6 37. Rxb6 Kxb6 38. Be8 $17) 37. Rb5+ Kd6 38. Ba3+ (38. g4 $142 Rxh3 39. gxf5) 38... Nxa3 39. Rxa5 {[%mdl 4096] Endgame KRB-KRN} Nc4 40. Ra7 Nxb6 41. Bb5 Rxg3 42. Rxb7 Nd5 43. c4 Nxf4+ 44. Kf2 Rxh3 45. Rd7+ Kc5 46. Rc7+ Kb4 47. Re7 h5 {[%cal Bh7h5,Bh5h4,Bh4h3][%mdl 32]} 48. Ba6 h4 49. Re8 Ra3 50. Rb8+ Kc5 {Black mates.} 51. Rc8+ Kd4 52. Rd8+ Ke5 53. Bb5 h3 {Precision: White = 42%, Black = 68%.} 0-1

[Event "16th Delhi GM Open 2018"]
[Site "Delhi"]
[Date "2018.01.15"]
[Round "9"]
[White "Saravana, Krishnan P."]
[Black "Czebe, Attila"]
[Result "*"]
[WhiteElo "2323"]
[BlackElo "2458"]
[Annotator "TA"]
[PlyCount "56"]
[EventDate "2018.??.??"]
[EventType "swiss"]
[EventCountry "IND"]
[SourceTitle "playchess.com"]
[Source "ChessBase"]
[SourceQuality "1"]

{[%evp 11,56,33,58,45,59,41,53,64,63,41,33,26,63,58,60,62,62,50,34,33,30,22,35,-38,-28,-53,-14,-48,-31,-58,-58,-139,-67,-82,0,-118,0,-79,0,-116,0,-81,-66,-66,-66,-69,-72]} 1. e4 c5 2. Nf3 b6 3. d4 cxd4 4. Nxd4 Bb7 5. Nc3 Nf6 (5... a6 6. g3 e6 7. Bg2 Nf6 8. O-O Qc7 9. Re1 d6 10. Nd5 Nxd5 11. exd5 e5 12. f4 Nd7 13. fxe5 Nxe5 {0-1 (59) Safarli,E (2639)-Ponkratov,P (2613) Riadh 2017}) 6. Bd3 {B27: Sicilian: 2 Nf3, unusual Black 2nd moves} Nc6 {LiveBook: 3 Games} 7. Nxc6 Bxc6 8. Bg5 {White is slightly better.} Qc7 $146 ({Predecessor:} 8... e6 9. Qe2 Be7 10. f4 h6 11. Bxf6 Bxf6 12. e5 Bh4+ 13. Kd2 {½-½ (28) Porat,D (2319)-Werner,D (2312) Budapest 2005}) 9. Qe2 e6 10. O-O Bd6 11. Kh1 h6 12. Bxf6 gxf6 13. Nb5 Qb8 14. Nxd6+ (14. c3 {feels hotter.} h5 15. h3 Be5 16. Rad1 Kf8 17. Bc2) 14... Qxd6 15. Rad1 Qc5 16. f4 h5 {[%cal Bh6h5,Bh5h4][%mdl 32]} 17. Qf2 ({Better is} 17. Qe1 $14) 17... h4 18. h3 Ke7 19. f5 Rag8 20. Rd2 Qe5 21. c3 (21. c4 $15) 21... Rg3 ({But not} 21... Bxe4 $2 22. Bxe4 Qc5 23. fxe6 $18) (21... d5 $17 22. Qf4 Qxf4 23. Rxf4 e5 24. exd5 exf4 25. dxc6 Rd8) 22. Qf4 Rgg8 23. Qf2 $1 Rg3 (23... Bxe4 $2 24. Bxe4 Qc5 25. Qe2 $18) 24. Qf4 $1 Rgg8 25. Qf2 $1 Rg3 ({Don't blunder} 25... Bxe4 $2 26. Bxe4 Qc5 27. Qe2 $18) 26. Qf4 $1 Qxf4 27. Rxf4 e5 28. Rff2 d5 {Precision: White = 51%, Black = 51%.} *

[Event "16th Delhi GM Open 2018"]
[Site "Delhi"]
[Date "2018.01.15"]
[Round "9"]
[White "Saravana, Krishnan P."]
[Black "Czebe, Attila"]
[Result "0-1"]
[WhiteElo "2323"]
[BlackElo "2458"]
[Annotator "TA"]
[PlyCount "80"]
[EventDate "2018.??.??"]
[EventType "swiss"]
[EventCountry "IND"]
[SourceTitle "playchess.com"]
[Source "ChessBase"]
[SourceQuality "1"]

{[%evp 11,80,21,48,48,59,51,46,48,46,14,33,30,66,64,56,65,62,33,35,27,44,15,33,-33,-42,-38,6,-45,-32,-62,-59,-133,-62,-94,-89,-85,-79,-78,-70,-151,-160,-151,-154,-150,-155,-205,-203,-261,-260,-457,-380,-609,-606,-587,-567,-666,-624,-841,-795,-1029,-1045,-1119,-1097,-1202,-1201,-2900,-2649,-29986,-29988,-29988,-29988]} 1. e4 c5 2. Nf3 b6 3. d4 cxd4 4. Nxd4 Bb7 5. Nc3 Nf6 (5... a6 6. g3 e6 7. Bg2 Nf6 8. O-O Qc7 9. Re1 d6 10. Nd5 Nxd5 11. exd5 e5 12. f4 Nd7 13. fxe5 Nxe5 {0-1 (59) Safarli,E (2639)-Ponkratov,P (2613) Riadh 2017}) 6. Bd3 {B27: Sicilian: 2 Nf3, unusual Black 2nd moves} Nc6 {LiveBook: 3 Games} 7. Nxc6 Bxc6 8. Bg5 {White is slightly better.} Qc7 $146 ({Predecessor:} 8... e6 9. Qe2 Be7 10. f4 h6 11. Bxf6 Bxf6 12. e5 Bh4+ 13. Kd2 {½-½ (28) Porat,D (2319)-Werner,D (2312) Budapest 2005}) 9. Qe2 e6 10. O-O Bd6 11. Kh1 h6 {[%cal Bh7h6,Bh6h5,Bh5h4][%mdl 32]} 12. Bxf6 gxf6 13. Nb5 Qb8 14. Nxd6+ (14. c3 {feels hotter.} h5 15. h3 Be5 16. Nd4 Qc7 17. Rad1) 14... Qxd6 15. Rad1 Qc5 16. f4 h5 17. Qf2 (17. Qe1 $14) 17... h4 $15 18. h3 Ke7 19. f5 (19. Qe1 $11) 19... Rag8 20. Rd2 Qe5 21. c3 (21. c4 $15) 21... Rg3 ({But not} 21... Bxe4 $2 22. Bxe4 Qc5 23. fxe6 $18) ({Black should play} 21... d5 $17 22. fxe6 fxe6) 22. Qf4 Qxf4 23. Rxf4 {[#]} e5 $1 $36 {[%cal Re5f4][%mdl 2048] Black is really pushing.} 24. Rff2 d5 25. Rfe2 ({White should try} 25. exd5 $15 Bxd5 26. Kh2) 25... Rd8 $17 {White must now prevent ...dxe4.} 26. Bb1 d4 27. cxd4 exd4 28. Bd3 Kd6 29. Bc4 {[#]} Ke5 $1 30. Bxf7 $2 (30. Re1) 30... Bxe4 $19 31. Bh5 $2 (31. Kg1 Kxf5 32. Bc4) 31... Kxf5 32. Re1 Ke5 33. Kg1 f5 34. Bf3 d3 35. Kf1 Kd4 36. Bd1 Rdg8 37. Ree2 Rc8 38. Rf2 Rc1 39. Kg1 Ke3 40. Kf1 {[#]} Rxg2 $1 {[%mdl 512] Precision: White = 26%, Black = 66%.} 0-1